书目信息 |
| 题名: |
打字快连篇
|
|
| 作者: | 崔亚量 主编 | |
| 分册: | ||
| 出版信息: | 成都 电子科技大学出版社 2004.05 |
|
| 页数: | 496页 | |
| 开本: | 14cm | |
| 丛书名: | ||
| 单 册: | ||
| 中图分类: | TP391.14 | |
| 科图分类: | ||
| 主题词: | 汉字编码--输入--基本知识 | |
| 电子资源: | ||
| ISBN: | 7-81094-320-0 | |
| 000 | 00939nam0 2200265 450 | |
| 001 | 0104000022 | |
| 005 | 20051012111123.1 | |
| 010 | @a7-81094-320-0@dCNY12.00 | |
| 100 | @a20081129d2004 ekmy0chiy0120 ea | |
| 101 | 0 | @achi |
| 102 | @aCN@b510000 | |
| 105 | @ay z 000yy | |
| 106 | @ar | |
| 200 | 1 | @a打字快连篇@ADa Zi Kuai Lian Pian@e快速精通五笔字型@EKuai Su Jing Tong Wu Bi Zi Xing@f崔亚量主编@FCui Ya Liang Zhu Bian |
| 210 | @a成都@c电子科技大学出版社@d2004.05 | |
| 215 | @a496页@d14cm | |
| 300 | 2 | @a电脑“菜鸟”学堂 |
| 330 | @a该书介绍了五笔字型输入法的基本知识和使用方法。内容包括:计算机基础知识、键盘及键盘操作、指法练习、汉字输入法、五笔字型输入法等。 | |
| 517 | 1 | @a快速精通五笔字型@AKuai Su Jing Tong Wu Bi Zi Xing |
| 606 | 0 | @a汉字编码@x输入@x基本知识 |
| 690 | @aTP391.14@v4 | |
| 701 | 0 | @a崔亚量@ACui Ya Liang@4主编 |
| 801 | 0 | @aCN@bHTDF@c20081129 |
| 905 | @aBZT@dTP391.14@e11@f10 | |
| 906 | @dCNY12.00@n0@r1 | |
| 打字快连篇:快速精通五笔字型/崔亚量主编.-成都:电子科技大学出版社,2004.05 |
| 496页;14cm |
| 电脑“菜鸟”学堂 |
| ISBN 7-81094-320-0:CNY12.00 |
| 该书介绍了五笔字型输入法的基本知识和使用方法。内容包括:计算机基础知识、键盘及键盘操作、指法练习、汉字输入法、五笔字型输入法等。 |
| ● |
| 相关链接 |
|
|
|
正题名:打字快连篇
索取号:TP391.14/11
 
预约/预借
| 序号 | 登录号 | 条形码 | 馆藏地/架位号 | 状态 | 备注 |
| 1 | 715392 | 2000715392 | 中心书库中库/ 中库027架A面8列7层62/ [索取号:TP391.14/11] | 在馆 | |
| 2 | 715393 | 2000715393 | 中心书库中库/ 中库027架A面8列7层63/ [索取号:TP391.14/11] | 在馆 | |
| 3 | 715394 | 2000715394 | 中心书库中库/ 中库027架A面8列7层56/ [索取号:TP391.14/11] | 在馆 | |
| 4 | 715395 | 2000715395 | 中心书库中库/ 中库027架A面8列7层57/ [索取号:TP391.14/11] | 在馆 | |
| 5 | 715396 | 2000715396 | 中心书库中库/ 中库027架A面8列7层64/ [索取号:TP391.14/11] | 在馆 | |
| 6 | 715397 | 2000715397 | 中心书库中库/ 中库027架A面8列7层61/ [索取号:TP391.14/11] | 在馆 | |
| 7 | 715398 | 2000715398 | 中心书库中库/ 中库027架A面8列7层65/ [索取号:TP391.14/11] | 在馆 | |
| 8 | 715399 | 2000715399 | 中心书库中库/ 中库027架A面8列7层66/ [索取号:TP391.14/11] | 在馆 | |
| 9 | 715400 | 2000715400 | 中心书库中库/ 中库027架A面8列7层70/ [索取号:TP391.14/11] | 在馆 | |
| 10 | 715401 | 2000715401 | 中心书库中库/ 中库027架A面8列7层67/ [索取号:TP391.14/11] | 在馆 |